Vesnické povídky, aneb, Od hřbitova k lesu /

Hlavní autor: Koubek, Václav, 1955-
Další autoři: Chuman, Luboš
Jazyk: Čeština
Vydáno: Praha : Maťa, 1996
Edice: A/R
Témata:
Fyzický popis: 59 s. : il. ; 15 cm
Knihy
Uloženo v:
LEADER 01089nam a2200337 a 4500
001 000061964
003 CZ BrMZK
005 20250108110610.0
007 ta
008 010907s1996 xr g 000 j cze d
015 |a cnb000117306 
020 |a 80-901915-8-4 
040 |a BOA001  |b cze  |e aacr2 
072 7 |a 821.162.3-3  |x Česká próza  |2 Konspekt  |9 25 
080 |a 821.162.3-32  |2 MRF 
080 |a (0:82-32)  |2 MRF 
080 |a (082.21)  |2 MRF 
100 1 |a Koubek, Václav,  |d 1955-  |7 jn99240000506  |4 aut 
245 1 0 |a Vesnické povídky, aneb, Od hřbitova k lesu /  |c Václav Koubek ; ilustrace Luboš Chuman 
246 3 0 |a Od hřbitova k lesu 
260 |a Praha :  |b Maťa,  |c 1996 
300 |a 59 s. :  |b il. ;  |c 15 cm 
490 1 |a A/R ;  |v sv. 6 
504 |a Obsahuje bibliografii 
655 7 |a české povídky  |7 fd133971  |2 czenas 
655 7 |a výbory  |7 fd133853  |2 czenas 
700 1 |a Chuman, Luboš  |7 xx0017390  |4 ill 
830 0 |a A/R  |0 s 
910 |a BOA001  |b 1-1017.889 
990 |a BK 
996 6 |b 2610033299  |c 1-1017.889  |l MZK  |r Sklad / do 1 hodiny  |n 8  |p p.v.  |w 000061964  |u 000010  |a 1  |e BOA001  |j MZK50  |s P